Developing and evaluating a research proposal masters thesis doctoral dissertation / (Record no. 28768)

MARC details
000 -LEADER
fixed length control field 00650nam a22001937i 4500
003 - CONTROL NUMBER IDENTIFIER
control field OSt
005 - DATE AND TIME OF LATEST TRANSACTION
control field 20220117151259.0
008 - FIXED-LENGTH DATA ELEMENTS--GENERAL INFORMATION
fixed length control field 160322b xxu||||| |||| 00| 0 eng d
050 00 - LIBRARY OF CONGRESS CALL NUMBER
Classification number Q180.55 P7
Item number Sa55 1986
100 1# - MAIN ENTRY--PERSONAL NAME
Personal name Sanchez, Luz Barrios Ed.D.
245 10 - TITLE STATEMENT
Title Developing and evaluating a research proposal masters thesis doctoral dissertation /
Statement of responsibility, etc. Luz Barrios Sanchez
264 #1 - PRODUCTION, PUBLICATION, DISTRIBUTION, MANUFACTURE, AND COPYRIGHT NOTICE
Place of production, publication, distribution, manufacture Philippines
Name of producer, publisher, distributor, manufacturer Philippine Association for Graduate Education
Date of production, publication, distribution, manufacture, or copyright notice 1986.
300 ## - PHYSICAL DESCRIPTION
Extent xiv, 152 p.
Other physical details col. ill.; 22 cm.
336 ## - CONTENT TYPE
Content type term text
Content type code txt
Source rdacontent
337 ## - MEDIA TYPE
Media type term unmediated
Media type code n
Source rdamedia
338 ## - CARRIER TYPE
Carrier type term volume
Carrier type code nc
Source rdacarrier
650 #0 - SUBJECT ADDED ENTRY--TOPICAL TERM
Topical term or geographic name entry element Research
942 ## - ADDED ENTRY ELEMENTS (KOHA)
Koha item type Filipiniana
Source of classification or shelving scheme Library of Congress Classification
Holdings
Withdrawn status Source of classification or shelving scheme Damaged status Not for loan Collection code Home library Current library Shelving location Date acquired Total Checkouts Full call number Barcode Date last seen Price effective from Koha item type Total Renewals Checked out Date last checked out
  Library of Congress Classification     Non-fiction Tanay College Library Tanay College Library General Stacks 03/05/2015   Q180.55 P7 Sa55 1986 URSTAN-10034 04/17/2017 03/05/2015 Filipiniana      
  Library of Congress Classification       Tanay College Library Tanay College Library   09/14/2021 2 Q180.55 P7 Sa55 1986 URSTAN-13136 10/26/2021 09/14/2021 Filipiniana 1 05/02/2023 10/26/2021

University of Rizal System
Email us at univlibservices@urs.edu.ph

Visit our Website www.urs.edu.ph/library